Los años oscuros de Jesús
-д хадгалсан:
| Үндсэн зохиолч: | |
|---|---|
| Формат: | Ном |
| Хэл сонгох: | испани |
| Хэвлэсэн: |
Madrid
Taurus
1963
|
| Цуврал: | El Futuro de la Verdad
|
| Нөхцлүүд: | |
| Шошгууд: |
Шошго нэмэх
Шошго байхгүй, Энэхүү баримтыг шошголох эхний хүн болох!
|
MARC
| LEADER | 00000nam a2200000 a 4500 | ||
|---|---|---|---|
| 001 | UCL5729 | ||
| 003 | CL-VaPUC | ||
| 008 | 040319e19630000SP |||||||||||||||||spa|d | ||
| 082 | 0 | 4 | |a 232.92 |b ARO |2 21 |
| 100 | 0 | |a Aron, Robert |e author |9 483413 | |
| 245 | 1 | 4 | |a Los años oscuros de Jesús |
| 300 | |a 325 p | ||
| 942 | |c BK | ||
| 945 | |d 20040319 00:00:00 |a vberengu | ||
| 260 | |a Madrid |b Taurus |c 1963 | ||
| 600 | 0 | |a Jesús |9 313614 | |
| 650 | 0 | |a Teología cristiana |9 308336 | |
| 650 | 0 | |a Cristología |9 315091 | |
| 583 | |a last modification |c 20040319 00:00:00 |k Rodrigo Vera | ||
| 490 | 0 | |a El Futuro de la Verdad | |
| 999 | |c 308158 |d 308156 | ||
| 952 | |0 0 |1 2 |4 0 |6 232_920000000000000_ARO_1963 |7 0 |8 A |9 374437 |a BIBTEO |b BIBTEO |d 2019-11-21 |i 2106353 |o 232.92 ARO 1963 |p 2106353 |r 2019-11-21 |w 2019-11-21 |x Descarte 2019 |y BK |k ICR | ||